John Green Books Quiz Stats

Quiz not verified by Sporcle

Challenge
Share
Tweet
Embed
Score 0/7 Timer 03:00
0 Plays Today
Book % Correct
Paper Towns
97.6%
Looking For Alaska
97.2%
The Fault in our Stars
97.2%
An Abundance of Katherines
89.3%
Will Grayson, Will Grayson
86.9%
Let It Snow
60.3%
Turtles All the Way Down
0%

You're not logged in!

Compare scores with friends on all Sporcle quizzes.
Join for Free
OR
Log In

You Might Also Like...

Show Comments

Extras

Top Quizzes Today


Score Distribution

Your Account Isn't Verified!

In order to create a playlist on Sporcle, you need to verify the email address you used during registration. Go to your Sporcle Settings to finish the process.

Report this User

Report this user for behavior that violates our Community Guidelines.

Details: